Conference on computer/ telecommunications policy

Saved in:
Bibliographic Details
Corporate Author: Organisation for Economic Co-operation and Development
Format: Book
Language:Undetermined
Published: Paris Organisation for Economic Co-operation and Development 1976
Subjects:
Tags: Add Tag
No Tags, Be the first to tag this record!
Institutions: Trung tâm Học liệu Trường Đại học Cần Thơ
LEADER 00614nam a2200181Ia 4500
001 CTU_84180
008 210402s9999 xx 000 0 und d
082 |a 384 
082 |b O.68 
110 |a Organisation for Economic Co-operation and Development 
245 0 |a Conference on computer/ telecommunications policy 
245 0 |c Organisation for Economic Co-operation and Development 
260 |a Paris 
260 |b Organisation for Economic Co-operation and Development 
260 |c 1976 
650 |a Infomation networks 
904 |i Qhieu(sửa) 
980 |a Trung tâm Học liệu Trường Đại học Cần Thơ